000 00231nam a22000857a 4500
008 160922b xxu||||| |||| 00| 0 eng d
100 _9716
_aGoel.D.K.etal
245 _aFinancial Statement-XXI
260 _aNew Delhi
_bAP. Publications
_c2012
999 _c3373
_d3373